[Event "Seattle Seafair Open"]
[Site "Chess.com"]
[Date "2020.07.18"]
[Round "?"]
[White "Han, Shuyi"]
[Black "Ginzburg, Liora"]
[Result "1-0"]
[WhiteElo "758"]
[BlackElo "1523"]
[PlyCount "153"]
[EventDate "2020.??.??"]

1. d4 Nf6 2. c4 g6 3. Nc3 Bg7 4. e4 d6 5. Nf3 Nc6 6. d5 Nb8 7. Bf4 O-O 8. Be2
e6 9. O-O e5 10. Be3 Nbd7 11. Qd2 Ng4 12. Bg5 f6 13. Bh4 Qe8 14. h3 Nh6 15. Nb5
Qd8 16. Qa5 b6 17. Qa3 a6 18. Nc3 Nc5 19. b4 Nb7 20. Qc1 g5 21. Bg3 Nf7 22. a4
f5 23. exf5 Bxf5 24. Qd2 e4 25. Nd4 Qf6 26. Nxf5 Qxf5 27. Bg4 Qg6 28. Rab1 h5
29. Bd7 Ne5 30. Be6+ Kh8 31. Bxe5 Bxe5 32. Rfe1 g4 33. hxg4 hxg4 34. g3 Nd8 35.
Kg2 Nxe6 36. dxe6 Rf5 37. Rh1+ Kg7 38. Nxe4 Rh5 39. Rxh5 Qxh5 40. Rh1 Qf5 41.
Qh6+ Kg8 42. Ng5 Bf6 43. Rh5 b5 44. cxb5 axb5 45. axb5 Qd5+ 46. Kh2 Qf5 47.
Qh7+ Qxh7 48. Nxh7 Bc3 49. e7 Kg7 50. Rh4 Re8 51. Ng5 Kg6 52. Rxg4 Kf5 53. Rc4
Bxb4 54. Rxb4 Kxg5 55. f4+ Kf5 56. Kh3 Rh8+ 57. Kg2 Re8 58. Kf3 Rxe7 59. g4+
Kf6 60. b6 cxb6 61. Rxb6 Rd7 62. Rb5 d5 63. g5+ Kf5 64. Rb6 Rf7 65. Rd6 Rf8 66.
Rxd5+ Kg6 67. Kg4 Ra8 68. f5+ Kg7 69. f6+ Kg6 70. Rd7 Rg8 71. Kf4 Rf8 72. Rg7+
Kh5 73. Kf5 Rh8 74. g6 Kh4 75. Rh7+ Rxh7 76. gxh7 Kg3 77. h8=Q 1-0

[Event "Seattle Seafair Open"]
[Site "Chess.com"]
[Date "2020.07.19"]
[Round "?"]
[White "Han, Shuyi"]
[Black "Zhou, Leonardo"]
[Result "0-1"]
[WhiteElo "758"]
[BlackElo "1494"]
[PlyCount "118"]
[EventDate "2020.??.??"]

1. e4 e5 2. Nf3 Nc6 3. Bc4 Bc5 4. O-O Nf6 5. d3 h6 6. Nc3 O-O 7. Be3 Bb6 8. a3
d6 9. h3 Be6 10. b4 Bxc4 11. dxc4 Bxe3 12. fxe3 a5 13. b5 Ne7 14. Nh4 Nc8 15.
Qf3 Nb6 16. Qg3 Nh7 17. Nf5 Qg5 18. Qxg5 Nxg5 19. h4 Ne6 20. Nd5 Nxc4 21. Rf3
Nd2 22. Rg3 Kh7 23. Nc3 g6 24. Ne7 Nc5 25. Ned5 Ndxe4 26. Nxe4 Nxe4 27. Rg4 f5
28. Rxe4 fxe4 29. Nxc7 Rac8 30. b6 Rf7 31. Rd1 Rd7 32. Rd5 Rcxc7 33. bxc7 Rxc7
34. Rxd6 Rxc2 35. Rd7+ Kg8 36. Rxb7 Rc3 37. Re7 Rxe3 38. Rxe5 Rxa3 39. Rxe4 a4
40. Re8+ Kf7 41. Ra8 Ra1+ 42. Kh2 a3 43. Kg3 Ke6 44. Kf4 a2 45. Ke4 Re1+ 46.
Kd3 a1=Q 47. Rxa1 Rxa1 48. g4 Ra4 49. h5 Rxg4 50. hxg6 Rxg6 51. Ke2 h5 52. Ke3
h4 53. Ke2 h3 54. Ke3 h2 55. Ke2 h1=Q 56. Ke3 Qh4 57. Kf3 Rg3+ 58. Kf2 Qh2+ 59.
Kf1 Rg1# 0-1

[Event "Seattle Seafair Open"]
[Site "Chess.com"]
[Date "2020.07.19"]
[Round "?"]
[White "Hetamsaria, Aadi"]
[Black "Shapiro, Michael"]
[Result "0-1"]
[WhiteElo "1159"]
[BlackElo "1502"]
[PlyCount "65"]
[EventDate "2020.??.??"]

1. e4 e5 2. d4 exd4 3. c3 dxc3 4. Nxc3 Nc6 5. Bc4 Nf6 6. Nf3 d6 7. e5 dxe5 8.
Qxd8+ Nxd8 9. Nxe5 Be6 10. Bxe6 Nxe6 11. O-O Be7 12. Be3 a6 13. f4 O-O 14. f5
Nc5 15. Rac1 c6 16. Bg5 Rfe8 17. b4 Nce4 18. Nxe4 Nxe4 19. Bxe7 Rxe7 20. Nc4
Nf6 21. Rce1 Rae8 22. Rxe7 Rxe7 23. Kf2 Re4 24. Rd1 h6 25. Rd8+ Re8 26. Rxe8+
Nxe8 27. Ke3 Kf8 28. Kf4 Ke7 29. Ke5 f6+ 30. Kd4 Nd6 31. Ne3 b6 32. a3 Nb5+ 33.
Ke4 0-1

[Event "Seattle Seafair Open"]
[Site "Chess.com"]
[Date "2020.07.18"]
[Round "?"]
[White "Hetamsaria, Aadi"]
[Black "Jammalamadaka, Varnika"]
[Result "0-1"]
[WhiteElo "1159"]
[BlackElo "1537"]
[PlyCount "58"]
[EventDate "2020.??.??"]

1. e4 c5 2. Nc3 Nc6 3. f4 e6 4. Bc4 Nge7 5. d3 d5 6. exd5 exd5 7. Bb3 g6 8. Nf3
Bg7 9. O-O O-O 10. Qe1 Be6 11. Ng5 Bf5 12. Qh4 h6 13. Nf3 Rb8 14. Qf2 Nd4 15.
Be3 Nxf3+ 16. Qxf3 d4 17. Bxd4 Qxd4+ 18. Kh1 Qd7 19. Rae1 a6 20. Qe3 Nc6 21.
Qxc5 Rbc8 22. Nd5 Rce8 23. Rd1 Nd4 24. c3 Nxb3 25. axb3 Kh8 26. Nb4 Rc8 27. Qf2
Rfe8 28. d4 Bg4 29. Rd3 Be2 0-1

[Event "Seattle Seafair Open"]
[Site "Chess.com"]
[Date "2020.07.19"]
[Round "?"]
[White "Ingram, Richard"]
[Black "Kona, Vidip"]
[Result "0-1"]
[WhiteElo "1880"]
[BlackElo "1261"]
[PlyCount "110"]
[EventDate "2020.??.??"]

1. e4 c5 2. Nf3 d6 3. d4 cxd4 4. Nxd4 Nf6 5. Nc3 a6 6. h3 e6 7. g4 Be7 8. Bg2
Nc6 9. Be3 Qc7 10. g5 Nd7 11. f4 Nb6 12. Qe2 Bd7 13. Rd1 O-O-O 14. O-O f6 15.
Ndb5 axb5 16. Nxb5 Nd4 17. Bxd4 Qc4 18. Qxc4+ Nxc4 19. Na3 Nxa3 20. bxa3 Rhg8
21. Bb6 Rde8 22. h4 Bc6 23. Bh3 Kd7 24. Rfe1 Ra8 25. Rd3 Ra4 26. e5 fxe5 27.
Rxe5 Rf8 28. Rxe6 Rfxf4 29. Rexd6+ Ke8 30. R6d4 Rxh4 31. Rxa4 Rxa4 32. Rg3 Rxa3
33. Rxa3 Bxa3 34. Bg2 Bxg2 35. Kxg2 Bc1 36. g6 hxg6 37. Bd4 Kf7 38. Kf3 g5 39.
Kg4 g6 40. Kf3 Ke6 41. Kg4 Kd5 42. Bf6 Kc4 43. Bd8 Kc3 44. a4 Kxc2 45. a5 Kd3
46. Bb6 Kc4 47. Bc7 Kb5 48. Bb6 Ka6 49. Bd8 Bd2 50. Kf3 Bxa5 51. Bxg5 Kb5 52.
Kg4 Kc4 53. Bf6 Bd2 54. Be7 b5 55. Bf6 b4 0-1

[Event "Seattle Seafair Open"]
[Site "Chess.com"]
[Date "2020.07.18"]
[Round "?"]
[White "Ingram, Richard"]
[Black "Han, Shuyi"]
[Result "1-0"]
[WhiteElo "1880"]
[BlackElo "758"]
[PlyCount "165"]
[EventDate "2020.??.??"]

1. e4 c5 2. Nf3 e6 3. d4 cxd4 4. Nxd4 a6 5. Be3 Nf6 6. Nc3 b5 7. a3 Bb7 8. Bd3
b4 9. axb4 Bxb4 10. f3 Qc7 11. Nde2 d5 12. O-O dxe4 13. Nxe4 Nxe4 14. Bxe4 Bxe4
15. fxe4 O-O 16. c3 Bd6 17. Bf4 Bxf4 18. Rxf4 Qb6+ 19. Kh1 Qxb2 20. Rb1 Qa3 21.
Rb7 Nc6 22. Qd7 Qa1+ 23. Ng1 Nd8 24. Rb3 Qc1 25. Rf2 Qe3 26. Re2 Ra7 27. Qxd8
Qxg1+ 28. Kxg1 Rxd8 29. Ra3 a5 30. Rea2 Rda8 31. Ra4 f5 32. exf5 exf5 33. Kf2
Kf7 34. Ke3 Ke6 35. Kd4 Kd6 36. Kc4 Kc6 37. Re2 Rc8 38. Re5 Kb6+ 39. Kb3 Rc5
40. Re6+ Rc6 41. Re5 g6 42. Re2 Rac7 43. c4 Rb7 44. Re5 Rc5 45. Re6+ Kc7+ 46.
Kc3 Kb8 47. Ra6 Ra7 48. Rb6+ Kc7 49. Re6 Kd7 50. Re2 Rc6 51. Rea2 Rac7 52. Rxa5
Rxc4+ 53. Kd3 Rc3+ 54. Kd2 R3c6 55. Kd3 Rc5 56. Ra8 Rd5+ 57. Ke3 Rc3+ 58. Kf4
Rd4+ 59. Kg5 Rg4+ 60. Kf6 Rc6+ 61. Kg7 Rh4 62. h3 Rc7 63. Kf6 Rc6+ 64. Kg7 Re6
65. Rd2+ Rd6 66. Ra7+ Ke6 67. Re2+ Re4 68. Rea2 Rd7+ 69. Rxd7 Kxd7 70. Kxh7 g5
71. Kg6 Ke6 72. Kxg5 Rd4 73. Ra6+ Ke5 74. Ra5+ Ke6 75. Rxf5 Rd2 76. g4 Rh2 77.
h4 Ra2 78. h5 Ra8 79. Rf6+ Ke7 80. Rg6 Ra5+ 81. Kh6 Ra8 82. Kh7 Ra7 83. Rg7+
1-0

[Event "Seattle Seafair Open"]
[Site "Chess.com"]
[Date "2020.07.18"]
[Round "?"]
[White "Jammalamadaka, Varnika"]
[Black "Tatikonda, Nihanth"]
[Result "0-1"]
[WhiteElo "1537"]
[BlackElo "1226"]
[PlyCount "90"]
[EventDate "2020.??.??"]

1. d4 Nf6 2. c4 g6 3. Nc3 Bg7 4. e4 d6 5. Nf3 O-O 6. Be2 e5 7. dxe5 dxe5 8.
Qxd8 Rxd8 9. Bg5 Re8 10. Nd5 Nxd5 11. cxd5 Bd7 12. O-O c6 13. Bc4 cxd5 14. Bxd5
Bc6 15. Rfd1 Bxd5 16. Rxd5 Nc6 17. Be3 Rad8 18. Rad1 a6 19. a3 Rxd5 20. exd5
Rd8 21. Rd2 Nd4 22. Nxd4 exd4 23. Bxd4 Rxd5 24. Be3 Rxd2 25. Bxd2 Bxb2 26. Bb4
a5 27. Bc5 Kg7 28. Kf1 Kf6 29. Ke2 Ke5 30. Bf8 Kd5 31. Kd3 b5 32. Be7 Be5 33.
h3 Bd6 34. Bxd6 Kxd6 35. Kd4 Kc6 36. Kc3 Kc5 37. Kd3 b4 38. a4 Kd5 39. g3 h6
40. h4 h5 41. f3 f5 42. f4 Kc5 43. Kc2 Kc4 44. Kb2 Kd3 45. Kc1 Ke2 0-1

[Event "Seattle Seafair Open"]
[Site "Chess.com"]
[Date "2020.07.19"]
[Round "?"]
[White "Jammalamadaka, Varnika"]
[Black "Tran, Nugen"]
[Result "1-0"]
[WhiteElo "1537"]
[BlackElo "1047"]
[PlyCount "147"]
[EventDate "2020.??.??"]

1. d4 Nf6 2. c4 e6 3. Nc3 Bb4 4. Qc2 c5 5. dxc5 Bxc5 6. Nf3 Nc6 7. e3 O-O 8.
Be2 d5 9. cxd5 Nxd5 10. Nxd5 Qxd5 11. O-O b6 12. b3 Bb7 13. Bb2 Rfe8 14. Qc3 e5
15. Bc4 Qd7 16. Ng5 Re7 17. f4 Qg4 18. Bxf7+ Rxf7 19. Nxf7 Nd4 20. Nh6+ gxh6
21. Qc4+ Kh8 22. Rf2 Rd8 23. exd4 Rxd4 24. Bxd4 Bxd4 25. Qf1 e4 26. Kh1 e3 27.
Rc2 Bxa1 28. Qxa1+ Kg8 29. Qe1 Qxf4 30. Qg3+ Qxg3 31. hxg3 Kf7 32. Re2 a6 33.
Rxe3 b5 34. Kg1 Bc6 35. Kf1 Bb7 36. Re2 a5 37. Kf2 a4 38. bxa4 bxa4 39. Ke3 Ke6
40. Kf4+ Kd5 41. Kg4 Kc4 42. Kh5 Kb4 43. Kxh6 Bd5 44. Kxh7 Ka3 45. g4 Bxa2 46.
Rxa2+ Kxa2 47. g5 Kb1 48. g6 a3 49. g7 a2 50. g8=Q a1=Q 51. Qb3+ Kc1 52. Qe3+
Kc2 53. Qe2+ Kb3 54. Qb5+ Kc2 55. Qc4+ Kd2 56. Qf4+ Kd3 57. Qf5+ Kc4 58. g4
Qh1+ 59. Kg6 Qc6+ 60. Kg5 Qg2 61. Kf6 Qc6+ 62. Qe6+ Qd5 63. Qxd5+ Kxd5 64. g5
Kd6 65. g6 Kd7 66. g7 Kc6 67. g8=Q Kb5 68. Qc8 Kb4 69. Qc6 Ka5 70. Qb7 Ka4 71.
Ke5 Ka3 72. Kd4 Ka4 73. Kc4 Ka3 74. Qb3# 1-0

[Event "Seattle Seafair Open"]
[Site "Chess.com"]
[Date "2020.07.18"]
[Round "?"]
[White "Jiang, Brandon"]
[Black "Kaur, Aradh"]
[Result "1-0"]
[WhiteElo "2110"]
[BlackElo "1651"]
[PlyCount "101"]
[EventDate "2020.??.??"]

1. e4 e5 2. Nf3 Nc6 3. Bc4 Be7 4. d3 Nf6 5. c3 O-O 6. Bb3 d6 7. h3 Be6 8. Nbd2
Qd7 9. Nf1 Bxb3 10. axb3 d5 11. Qe2 dxe4 12. dxe4 Bc5 13. Ng3 Rad8 14. O-O a6
15. b4 Ba7 16. b5 axb5 17. Qxb5 Rfe8 18. Qxb7 Bb6 19. Qa6 Qd3 20. Bg5 Qxa6 21.
Rxa6 Rd6 22. Raa1 h6 23. Bxf6 Rxf6 24. Rad1 Rg6 25. Nf5 Rge6 26. Rd5 Ne7 27.
Nxe7+ R6xe7 28. Rfd1 f6 29. Nh4 Rf7 30. c4 Bd4 31. b4 Bc3 32. b5 Ba5 33. Nf5
Bb6 34. c5 Ba7 35. Rd7 Bb8 36. Rxf7 Kxf7 37. Rd7+ Kf8 38. Nxg7 Rc8 39. Ne6+ Ke8
40. Rh7 c6 41. b6 h5 42. b7 Rd8 43. Rh8+ Ke7 44. Rxd8 Kxe6 45. Rxb8 Kd7 46. Rh8
h4 47. b8=Q Ke7 48. Qd6+ Kf7 49. Qd7+ Kg6 50. Qh7+ Kg5 51. Qf5# 1-0

[Event "Seattle Seafair Open"]
[Site "Chess.com"]
[Date "2020.07.19"]
[Round "?"]
[White "Jones, Davey"]
[Black "Willy, Stephen"]
[Result "0-1"]
[WhiteElo "1819"]
[BlackElo "1137"]
[PlyCount "72"]
[EventDate "2020.??.??"]

1. e4 e5 2. Nf3 Nc6 3. Bb5 Bc5 4. c3 Nf6 5. O-O Nxe4 6. d4 Bb6 7. Qe2 d5 8.
dxe5 Bg4 9. Nbd2 Nxd2 10. Bxd2 O-O 11. Bd3 Re8 12. h3 Bh5 13. g4 Bg6 14. Rfe1
d4 15. cxd4 Nxd4 16. Nxd4 Bxd4 17. Bxg6 hxg6 18. Bf4 Qh4 19. Kg2 Qd8 20. Rad1
c5 21. b4 b6 22. Qc4 Qc8 23. f3 Qb7 24. bxc5 bxc5 25. Rb1 Qc7 26. Qd5 Rab8 27.
Rxb8 Rxb8 28. Re2 Rd8 29. Qe4 Qb6 30. Bg5 Re8 31. Qd5 Qb5 32. Rd2 Rxe5 33. Qa8+
Re8 34. Qxa7 Re2+ 35. Kg3 Bf2+ 36. Kg2 Bh4+ 0-1

[Event "Seattle Seafair Open"]
[Site "Chess.com"]
[Date "2020.07.18"]
[Round "?"]
[White "Jones, Davey"]
[Black "Chan, Skylor"]
[Result "0-1"]
[WhiteElo "1819"]
[BlackElo "1077"]
[PlyCount "84"]
[EventDate "2020.??.??"]

1. e4 c5 2. c3 d5 3. exd5 Qxd5 4. d4 Nc6 5. Nf3 Nf6 6. Be2 e6 7. Na3 Bd6 8. Nb5
cxd4 9. Nxd6+ Qxd6 10. cxd4 O-O 11. O-O Rd8 12. Be3 Nd5 13. Bd3 Nf4 14. Be4 Ne7
15. Ne5 Nfd5 16. Rc1 Nf5 17. Qf3 f6 18. Nd3 Bd7 19. Nc5 Nfxe3 20. fxe3 Bc6 21.
Qh3 f5 22. Bb1 Nf6 23. Nd3 Bb5 24. Rf4 Nd5 25. Rf2 Nf6 26. Ne5 Rac8 27. Rfc2
Rxc2 28. Rxc2 Nd7 29. Nc4 Qb4 30. Qh4 Rc8 31. a3 Qb3 32. Qe7 Rxc4 33. Qxe6+ Kf8
34. Rxc4 Qxc4 35. Qxf5+ Nf6 36. h3 Qc1+ 37. Kh2 Bf1 38. Ba2 Qxb2 39. Qc8+ Ke7
40. Qc7+ Nd7 41. Bd5 Qxa3 42. Qf4 Qd6 0-1

[Event "Seattle Seafair Open"]
[Site "Chess.com"]
[Date "2020.07.18"]
[Round "?"]
[White "Jones, Davey"]
[Black "Siddem, Sid"]
[Result "1-0"]
[WhiteElo "1819"]
[BlackElo "988"]
[PlyCount "59"]
[EventDate "2020.??.??"]

1. e4 c5 2. c3 d5 3. exd5 Qxd5 4. d4 cxd4 5. cxd4 Nc6 6. Nf3 Bg4 7. Nc3 Qd8 8.
d5 Ne5 9. Nxe5 Bxd1 10. Bb5+ Qd7 11. Bxd7+ Kd8 12. Nxf7+ Kxd7 13. Kxd1 Nf6 14.
Nxh8 Ng4 15. Ke2 e6 16. h3 Nh6 17. Bxh6 gxh6 18. Nf7 exd5 19. Ne5+ Kc7 20. Rhe1
d4 21. Nb5+ Kb6 22. Nxd4 Re8 23. Kf1 Kc7 24. Rac1+ Kb6 25. Nd7+ Ka6 26. Rxe8
Bg7 27. Re6+ Ka5 28. Rc5+ Kb4 29. Nc2+ Ka4 30. b3# 1-0

[Event "Seattle Seafair Open"]
[Site "Chess.com"]
[Date "2020.07.19"]
[Round "?"]
[White "Kaur, Aradh"]
[Black "Zhang, Ethan"]
[Result "1-0"]
[WhiteElo "1651"]
[BlackElo "1169"]
[PlyCount "149"]
[EventDate "2020.??.??"]

1. e4 e5 2. Nf3 Nc6 3. d4 exd4 4. Nxd4 Bc5 5. Be3 d6 6. Nxc6 bxc6 7. Bxc5 dxc5
8. Qxd8+ Kxd8 9. Nc3 Nf6 10. O-O-O+ Ke7 11. f3 Re8 12. Bc4 Kf8 13. Na4 Be6 14.
Bxe6 Rxe6 15. Nxc5 Rd6 16. e5 Rxd1+ 17. Rxd1 Nd5 18. e6 Ke7 19. c4 Nb6 20. Na6
fxe6 21. Re1 Nxc4 22. Nxc7 Rc8 23. Nxe6 Kf6 24. Nd4 c5 25. Re6+ Kf7 26. Rc6
Rxc6 27. Nxc6 a6 28. Nb8 a5 29. Na6 Ne3 30. Nxc5 Nxg2 31. Nb3 a4 32. Nc5 a3 33.
bxa3 Ne1 34. f4 Ng2 35. Nd3 Ke6 36. a4 Ne3 37. a5 Nd5 38. a6 Nc7 39. Nc5+ Kd5
40. Nd3 Nxa6 41. Kc2 Ke4 42. Kc3 Nc7 43. Kc4 Na8 44. Nc5+ Kxf4 45. Ne6+ Kf5 46.
Nxg7+ Kg6 47. Ne6 Kf6 48. Nd4 Kg5 49. Kc5 Nc7 50. a4 Kg4 51. a5 Kh3 52. Nf3 Kg2
53. Ng5 h5 54. Kc6 Na6 55. Kb6 Nb4 56. Kb5 Nd5 57. Ne6 Kxh2 58. a6 Nc3+ 59. Ka5
Nd5 60. a7 Ne7 61. a8=Q h4 62. Qb7 Nf5 63. Qe4 h3 64. Qxf5 Kg3 65. Ng5 h2 66.
Qh3+ Kf4 67. Qxh2+ Kxg5 68. Qf2 Kg4 69. Kb5 Kh3 70. Qg1 Kh4 71. Kc5 Kh5 72. Kd5
Kh6 73. Ke5 Kh7 74. Kf6 Kh8 75. Qg7# 1-0

[Event "Seattle Seafair Open"]
[Site "Chess.com"]
[Date "2020.07.18"]
[Round "?"]
[White "Kaur, Aradh"]
[Black "Sripathi, Prajna"]
[Result "1/2-1/2"]
[WhiteElo "1651"]
[BlackElo "834"]
[PlyCount "82"]
[EventDate "2020.??.??"]

1. e4 e5 2. Nf3 Nc6 3. d4 exd4 4. Nxd4 Bc5 5. Be3 Qf6 6. c3 a5 7. Bc4 Nge7 8.
O-O O-O 9. Nb5 Bb6 10. Bxb6 cxb6 11. Nc7 Rb8 12. Qb3 Ne5 13. Nd5 Nxd5 14. Bxd5
Kh8 15. Nd2 d6 16. Qxb6 Qg6 17. Qe3 b6 18. Nc4 Nxc4 19. Bxc4 Re8 20. Rfe1 Bb7
21. f3 d5 22. Bb5 Re7 23. Qf4 Rc8 24. exd5 Rxe1+ 25. Rxe1 Bxd5 26. Qc7 Rg8 27.
Qf4 Bxa2 28. Bc4 Bxc4 29. Qxc4 h6 30. Qe4 Qd6 31. Qe7 Qd5 32. Qe3 Qb5 33. Qf2
Re8 34. Rxe8+ Qxe8 35. Kf1 Qb5+ 36. Qe2 Qa4 37. Kf2 Qh4+ 38. Kg1 Qa4 39. Qd2
Qh4 40. Qf2 Qe7 41. Kf1 Qd6 1/2-1/2

[Event "Seattle Seafair Open"]
[Site "Chess.com"]
[Date "2020.07.19"]
[Round "?"]
[White "Kaur, Jind"]
[Black "Vega, Isaac"]
[Result "0-1"]
[WhiteElo "1336"]
[BlackElo "1972"]
[PlyCount "76"]
[EventDate "2020.??.??"]

1. e4 c5 2. Nf3 e6 3. d4 cxd4 4. Nxd4 a6 5. Nc3 Qc7 6. Be2 b5 7. O-O Bb7 8. Be3
b4 9. Nb1 Bxe4 10. Nd2 Bb7 11. N2f3 Nf6 12. Qd3 Be7 13. Rad1 O-O 14. Qb3 Nc6
15. Nxc6 Bxc6 16. Nd4 Bd5 17. Qa4 Qb7 18. Bf3 Ne4 19. Rfe1 f5 20. Bxe4 Bxe4 21.
f3 Bd5 22. Bf2 Rae8 23. b3 Bc5 24. Rd3 e5 25. c4 bxc3 26. Rxc3 Bxd4 27. Bxd4
exd4 28. Rxe8 dxc3 29. Rxf8+ Kxf8 30. Qa3+ Kf7 31. Qc1 Qb6+ 32. Kf1 Qd4 33. Qc2
g6 34. a3 a5 35. a4 Bb7 36. Qe2 f4 37. Qc2 Ba6+ 38. Ke1 Qg1# 0-1

[Event "Seattle Seafair Open"]
[Site "Chess.com"]
[Date "2020.07.18"]
[Round "?"]
[White "Kaur, Jind"]
[Black "Nagarajan, Pranith"]
[Result "1-0"]
[WhiteElo "1336"]
[BlackElo "904"]
[PlyCount "69"]
[EventDate "2020.??.??"]

1. e4 e5 2. Nf3 Nc6 3. Bc4 Bc5 4. c3 Nf6 5. d4 exd4 6. cxd4 Bb4+ 7. Nc3 O-O 8.
e5 Ne4 9. Qc2 Nxc3 10. bxc3 Be7 11. O-O d6 12. Bf4 Bg4 13. exd6 cxd6 14. Nd2
Bg5 15. Bg3 Qf6 16. Ne4 Qg6 17. Bd3 Bf5 18. Bxd6 h6 19. Bxf8 Kxf8 20. Rad1 Rc8
21. Nxg5 Bxd3 22. Qxd3 Qxg5 23. Qe3 Qg6 24. Rfe1 a6 25. Qd3 Qg5 26. Qh7 Ne7 27.
Qd3 Nf5 28. Rb1 Qg4 29. Rxb7 Nh4 30. Qg3 Qh5 31. Rb8 Qf5 32. Rxc8+ Qxc8 33.
Qxh4 f6 34. Qh3 Qxc3 35. Qxc3 1-0

[Event "Seattle Seafair Open"]
[Site "Chess.com"]
[Date "2020.07.19"]
[Round "?"]
[White "Kona, Vidip"]
[Black "McConnell, Sullivan"]
[Result "1-0"]
[WhiteElo "1261"]
[BlackElo "2224"]
[PlyCount "108"]
[EventDate "2020.??.??"]

1. e4 e6 2. d4 d5 3. e5 c5 4. c3 Nc6 5. Nf3 Bd7 6. Be2 Qb6 7. O-O Nh6 8. Na3
cxd4 9. cxd4 Nf5 10. Nc2 h5 11. b3 a5 12. Bb2 a4 13. Rb1 Be7 14. Qd3 a3 15. Ba1
g5 16. Qb5 Qxb5 17. Bxb5 Nxe5 18. Bxd7+ Nxd7 19. Ne3 Nxe3 20. fxe3 f5 21. Rbc1
g4 22. Nd2 Bd6 23. Rc2 Nb6 24. Rfc1 Kd7 25. Bc3 Rhc8 26. Nb1 Rc6 27. Bd2 Rac8
28. Rxc6 Rxc6 29. Rxc6 Kxc6 30. Bc1 Kb5 31. Bxa3 Bxa3 32. Nxa3+ Kb4 33. Nb1 Nc8
34. Kf2 h4 35. Ke2 Nd6 36. Kd3 Ne4 37. Kc2 h3 38. gxh3 gxh3 39. Kb2 Nf2 40. a3+
Ka5 41. Nd2 Ng4 42. Nf1 Kb5 43. Kc3 Kc6 44. Kd3 Kd6 45. Ke2 e5 46. Kf3 Ke6 47.
Kg3 Nxe3 48. Nxe3 f4+ 49. Kf3 fxe3 50. Kxe3 e4 51. a4 Kf5 52. b4 Ke6 53. a5 Kd6
54. b5 Ke6 1-0

[Event "Seattle Seafair Open"]
[Site "Chess.com"]
[Date "2020.07.18"]
[Round "?"]
[White "Kona, Vidip"]
[Black "Colombo, Dominic"]
[Result "0-1"]
[WhiteElo "1261"]
[BlackElo "1960"]
[PlyCount "56"]
[EventDate "2020.??.??"]

1. e4 c5 2. Nf3 d6 3. d4 cxd4 4. Nxd4 Nf6 5. Nc3 a6 6. Be2 e5 7. Nb3 Be6 8. Bg5
Nbd7 9. O-O h6 10. Be3 Be7 11. Qd2 O-O 12. Rad1 b5 13. Bf3 Nb6 14. Nd5 Bxd5 15.
exd5 e4 16. Bxb6 Qxb6 17. Be2 Rfe8 18. Qd4 Bd8 19. c3 Re5 20. c4 bxc4 21. Qxb6
Bxb6 22. Bxc4 Ng4 23. h3 Nxf2 24. Rxf2 Rf5 25. Rdf1 Rc8 26. Be2 Rc2 27. g4 Rxf2
28. Rxf2 Rxe2 0-1

[Event "Seattle Seafair Open"]
[Site "Chess.com"]
[Date "2020.07.18"]
[Round "?"]
[White "Kona, Vidip"]
[Black "Razmov, Valentin"]
[Result "1-0"]
[WhiteElo "1261"]
[BlackElo "1986"]
[PlyCount "117"]
[EventDate "2020.??.??"]

1. e4 e5 2. Nf3 Nc6 3. Bb5 a6 4. Ba4 Nf6 5. O-O Be7 6. d3 b5 7. Bb3 d6 8. a3
O-O 9. Nc3 Bg4 10. Be3 Qd7 11. Nd5 h6 12. c3 Rfe8 13. Nxf6+ Bxf6 14. Bd5 Be6
15. c4 Rab8 16. b4 Ne7 17. Bxe6 Qxe6 18. Rc1 Rec8 19. c5 d5 20. Qc2 d4 21. Bd2
c6 22. Ne1 g5 23. Qb2 Ng6 24. g3 Kh7 25. Nc2 Rg8 26. Na1 Qh3 27. f3 Nf4 28.
Bxf4 gxf4 29. Qg2 Qxg2+ 30. Kxg2 fxg3 31. hxg3 Bh4 32. g4 Bg5 33. Rc2 Be3 34.
Nb3 Rbf8 35. Kh3 Rc8 36. Na5 Rc7 37. Rh2 Rg5 38. Kg2 Kg6 39. Rfh1 h5 40. Rxh5
Rxh5 41. gxh5+ Kh6 42. Kg3 Rc8 43. Kg4 Rg8+ 44. Kf5 Rg3 45. Kxe5 Rxf3 46. Nxc6
Bf2 47. Rd1 Kxh5 48. Nxd4 Rg3 49. Nf5 Rg6 50. Rh1+ Kg4 51. Rh2 Kf3 52. Nh4+
Bxh4 53. Rxh4 Ke3 54. Rh3+ Kd2 55. d4 Re6+ 56. Kd5 Re8 57. c6 Rd8+ 58. Kc5 Kc2
59. d5 1-0

[Event "Seattle Seafair Open"]
[Site "Chess.com"]
[Date "2020.07.18"]
[Round "?"]
[White "Lankipalle, Sravyasri"]
[Black "Talukdar, Rohan"]
[Result "0-1"]
[WhiteElo "1452"]
[BlackElo "2402"]
[PlyCount "100"]
[EventDate "2020.??.??"]

1. d4 Nf6 2. c4 g6 3. Nc3 d5 4. Bf4 Bg7 5. Nf3 O-O 6. Qd2 Ne4 7. Qc1 Nxc3 8.
bxc3 dxc4 9. e3 b5 10. Be2 Nd7 11. O-O Nb6 12. Re1 Bb7 13. Qc2 e6 14. Rad1 Rc8
15. e4 f5 16. e5 Bd5 17. Qd2 Qe7 18. Bg5 Qa3 19. Rb1 a6 20. Rb4 Rf7 21. Rc1 Bf8
22. Rbb1 Be4 23. Ra1 Rd7 24. Ne1 c5 25. f3 Bb7 26. Nc2 Qa5 27. Qe1 Na4 28. dxc5
Qxc3 29. Qxc3 Nxc3 30. Kf2 Bxc5+ 31. Kf1 Nxe2 32. Kxe2 c3 33. Rd1 Rxd1 34. Rxd1
Bd5 35. a3 Bc4+ 36. Ke1 Bb3 37. Rc1 Bxc2 38. Rxc2 Bxa3 39. Bc1 Bxc1 40. Rxc1 b4
41. Ke2 b3 42. Kf2 c2 43. Ke2 b2 44. Rg1 c1=Q 45. Rxc1 bxc1=Q 46. Kf2 Rc2+ 47.
Kg3 Qg5+ 48. Kh3 Qxg2+ 49. Kh4 h6 50. f4 Qg4# 0-1

[Event "Seattle Seafair Open"]
[Site "Chess.com"]
[Date "2020.07.18"]
[Round "?"]
[White "Lankipalle, Sravyasri"]
[Black "Tang, Austin"]
[Result "0-1"]
[WhiteElo "1452"]
[BlackElo "1852"]
[PlyCount "100"]
[EventDate "2020.??.??"]

1. d4 Nf6 2. c4 g6 3. Nc3 Bg7 4. e4 d6 5. Nf3 O-O 6. Be2 e5 7. O-O exd4 8. Nxd4
Nbd7 9. Be3 Nc5 10. f3 a5 11. Ndb5 Qe7 12. Qd2 Be6 13. Nd4 Nfd7 14. Rfd1 Rfe8
15. Ncb5 Nb6 16. Nxe6 fxe6 17. Bg5 Qd7 18. Rab1 a4 19. Qb4 h6 20. Be3 Na6 21.
Qa3 Qc6 22. Nxd6 Bf8 23. c5 cxd6 24. cxb6 Nc5 25. Qb4 d5 26. exd5 exd5 27. Qd2
Qe6 28. Kf2 Rad8 29. Bb5 d4 30. Bxd4 Bg7 31. Bxe8 Bxd4+ 32. Kf1 Qc4+ 33. Qe2
Qxe2+ 34. Kxe2 Rxe8+ 35. Kf1 Ne6 36. Rd3 Kf7 37. Ra3 Nc5 38. b4 axb3 39. axb3
Na6 40. Rd1 Bxb6 41. Rd7+ Re7 42. Rd6 Bc5 43. Raxa6 bxa6 44. Rxa6 Rb7 45. Ra5
Be7 46. g4 Rxb3 47. Kg2 Rb2+ 48. Kh3 Bd6 49. g5 Rxh2+ 50. Kg4 h5# 0-1

[Event "Seattle Seafair Open"]
[Site "Chess.com"]
[Date "2020.07.18"]
[Round "?"]
[White "Lee, Brian"]
[Black "Willy, Stephen"]
[Result "1-0"]
[WhiteElo "1881"]
[BlackElo "1137"]
[PlyCount "93"]
[EventDate "2020.??.??"]

1. d4 d5 2. c4 c6 3. Nf3 Nf6 4. Nc3 Bf5 5. Qb3 e6 6. Qxb7 Nbd7 7. Qxc6 Rc8 8.
Qb5 Rxc4 9. a3 Qc7 10. Bd2 Ne4 11. Nxe4 Bxe4 12. e3 Rc6 13. Be2 Bd6 14. h3 O-O
15. Qa5 Qxa5 16. Bxa5 Rc2 17. Bc3 Rc8 18. Bd1 R8xc3 19. bxc3 Rxc3 20. Kd2 Rd3+
21. Ke2 Bxa3 22. Bc2 Rc3 23. Bxe4 dxe4 24. Nd2 Nf6 25. Rhb1 h6 26. Rb3 Rxb3 27.
Nxb3 Bb4 28. Rxa7 Nd5 29. Kd1 Bd6 30. Nc5 Bh2 31. g3 Nc3+ 32. Kd2 Nb5 33. Rb7
Nd6 34. Rd7 Nc4+ 35. Ke2 Nb2 36. Nxe4 Kf8 37. Nd6 f6 38. Rf7+ Kg8 39. Ra7 Bg1
40. Ra2 Nc4 41. Nxc4 Bxf2 42. Kxf2 Kf7 43. Ra7+ Kg6 44. Kf3 f5 45. Ne5+ Kf6 46.
h4 g5 47. Rf7# 1-0

[Event "Seattle Seafair Open"]
[Site "Chess.com"]
[Date "2020.07.18"]
[Round "?"]
[White "Lee, Brian"]
[Black "Lugovskoy, Maxim"]
[Result "0-1"]
[WhiteElo "1881"]
[BlackElo "2488"]
[PlyCount "110"]
[EventDate "2020.??.??"]

1. d4 e6 2. Nf3 d5 3. c4 a6 4. Nc3 Nf6 5. Bg5 Be7 6. e3 O-O 7. Qc2 h6 8. Bh4
dxc4 9. a4 b6 10. Bxc4 Bb7 11. e4 Nbd7 12. O-O Nh5 13. Bxe7 Qxe7 14. Rfe1 c5
15. d5 Nf4 16. Qd2 Qf6 17. dxe6 Ne5 18. exf7+ Kh7 19. Nxe5 Qg5 20. Qxf4 Qxf4
21. Nd7 Rxf7 22. Bxf7 Qxf7 23. Nxb6 Rf8 24. Re2 Qg6 25. Nbd5 h5 26. h4 Qg4 27.
g3 Bc8 28. Re3 Be6 29. Ne2 Rb8 30. b3 Bf7 31. Nef4 Re8 32. Rae1 Qd7 33. Kg2 a5
34. Rd1 Kh8 35. Red3 c4 36. Nf6 Qe7 37. N6d5 Qxe4+ 38. f3 Qf5 39. bxc4 Qc8 40.
Rd4 Qc5 41. Nc3 Qb4 42. Ne4 Qxa4 43. Nd6 Rf8 44. Nxf7+ Rxf7 45. Nxh5 Kh7 46.
Nf4 Qc6 47. h5 a4 48. R1d3 Rf8 49. g4 Qb6 50. Kg3 a3 51. Rd6 Qg1+ 52. Ng2 a2
53. Rd1 a1=Q 54. Rxg1 Qxg1 55. c5 Qxc5 0-1

[Event "Seattle Seafair Open"]
[Site "Chess.com"]
[Date "2020.07.19"]
[Round "?"]
[White "Lee, Brian"]
[Black "Lankipalle, Sravyasri"]
[Result "1-0"]
[WhiteElo "1881"]
[BlackElo "1452"]
[PlyCount "45"]
[EventDate "2020.??.??"]

1. d4 c6 2. c4 d5 3. Nf3 Nf6 4. Nc3 dxc4 5. a4 e6 6. e4 Bb4 7. Bg5 Be7 8. Bxc4
O-O 9. O-O Nbd7 10. Qe2 c5 11. Rfd1 b6 12. dxc5 bxc5 13. Rd2 Qa5 14. e5 Nd5 15.
Nxd5 Bxg5 16. Nxg5 exd5 17. Bxd5 Ba6 18. Qh5 h6 19. Nxf7 Qxd2 20. Nxh6+ Kh8 21.
Ng8+ Qh6 22. Nxh6 gxh6 23. Qxh6# 1-0